000 00563nam a2200205Ia 4500
003 OSt
005 20230406123614.0
008 210423s2008 xx 000 0 und d
020 _a9780849339349
040 _cAL
041 _aeng
082 _a363.738
_223
_b DUKC
100 _aDUKE (Catherine V A);WILLIAMS (Craig D).
_977929
245 _aChemistry for environmental and earth sciences.
260 _aNew York
_bCRC Press
_c2008
300 _axiv,230
_bHB
365 _cINR
906 _aChemistry ; earth ; environmental ; sciences.
942 _2ddc
_cBK
999 _c153991
_d153991